| 000 | 00419nam a2200157 i 4500 | ||
|---|---|---|---|
| 001 | 66121 | ||
| 003 | ES-MaACL | ||
| 005 | 20230906165540.0 | ||
| 007 | t| | ||
| 008 | 040127s1918 fr ||||1| fre d | ||
| 100 | 1 |
_aGabrys, J. _953172 |
|
| 245 | 1 | 0 |
_aCarte ethnographique de l'Europe / _cJ. Gabrys. |
| 250 | _a1e ed. | ||
| 260 |
_aParis : _bLibrairie Génerale de Nationalités, _c1918. |
||
| 852 |
_aES-MaACL _j1582-F-3 |
||
| 999 |
_c66121 _d66121 |
||